MARC

Tag First Indicator Second Indicator Subfields
LEADER 00000cam a2200000 i 4500
001 in00003889430
005 20211120182531.0
006 m o d f
007 cr mn|||||||||
008 140929s1965 dcuabf ob f001 0 eng c
035 |a (OCoLC)ocn891598479 
040 |a COP  |b eng  |e rda  |e pn  |c COP  |d OCLCO  |d OCLCF  |d GPO  |d MvI  |d UtOrBLW 
042 |a pcc 
043 |a n-us-ca 
049 |a WWW 
074 |a 0624 (online) 
086 0 |a I 19.16:470 
100 1 |a Bateman, Paul C.,  |d 1910-2007,  |e author.  |0 http://id.loc.gov/authorities/names/n79018400 
245 1 0 |a Geology and tungsten mineralization of the Bishop district, California /  |c by Paul C. Bateman, with a section on Gravity study of Owens Valley, by L. C. Pakiser and M. F. Kane, and a section on Seismic profile, by L. C. Pakiser. 
264 1 |a Washington :  |b United States Department of the Interior, Geological Survey,  |c 1965. 
300 |a 1 online resource (vii, 208 pages) :  |b illustrations, maps +  |e 11 plates. 
336 |a text  |b txt  |2 rdacontent 
337 |a computer  |b c  |2 rdamedia 
338 |a online resource  |b cr  |2 rdacarrier 
490 1 |a Geological Survey professional paper ;  |v 470 
500 |a Title from title screen (viewed September 29, 2014). 
500 |a "Prepared in cooperation with the State of California, Dept. of Conservation, Division of Mines and Geology." 
504 |a Includes bibliographical references (pages 201-204) and index. 
650 0 |a Geology  |z California  |z Bishop Region. 
650 0 |a Tungsten ores  |z California  |z Bishop Region. 
650 7 |a Geology.  |2 fast  |0 (OCoLC)fst00940627 
650 7 |a Tungsten ores.  |2 fast  |0 (OCoLC)fst01158918 
651 7 |a California  |z Bishop Region.  |2 fast  |0 (OCoLC)fst01342753 
700 1 |a Kane, Martin Francis,  |d 1928-  |e author.  |0 http://id.loc.gov/authorities/names/n82225352 
700 1 |a Pakiser, L. C.  |q (Louis Charles),  |d 1919-  |e author.  |0 http://id.loc.gov/authorities/names/n81146922 
710 2 |a Geological Survey (U.S.),  |e issuing body.  |0 http://id.loc.gov/authorities/names/n80092173 
710 1 |a California.  |b Division of Mines and Geology.  |0 http://id.loc.gov/authorities/names/n80020803 
710 1 |a California.  |b Department of Conservation.  |0 http://id.loc.gov/authorities/names/n83061472 
740 0 2 |a Gravity study of Owens Valley. 
740 0 2 |a Seismic profile. 
776 0 8 |i Print version:  |a Bateman, Paul Charles, 1910-2007.  |t Geology and tungsten mineralization of the Bishop district, California  |w (DLC)gs 65000330  |w (OCoLC)3580405 
830 0 |a Geological Survey professional paper ;  |v 470.  |0 http://id.loc.gov/authorities/names/n42012105 
856 4 0 |u https://purl.fdlp.gov/GPO/gpo83703  |t 0 
999 f f |s 8261d0d1-9380-3ccc-9ed1-fc5a5c4f9536  |i 9091993f-6d80-3a48-b5b3-69a1d0ae48a5  |t 0 
952 f f |a Texas A&M University  |b College Station  |c Electronic Resources  |d Available Online  |t 0  |e I 19.16:470  |h Superintendent of Documents classification 
998 f f |a I 19.16:470  |t 0  |l Available Online